| 000 | 00435nam a2200157Ia 4500 | ||
|---|---|---|---|
| 008 | 160316s1996 xxu||||| |||| 00| 0 eng d | ||
| 082 |
_a340.115000 _bFRI-3 |
||
| 100 | _aFriedmann W | ||
| 245 | _aLaw in a changing society | ||
| 250 | _a2nd | ||
| 260 |
_aDelhi _bUniversal Book Traders _c1996 |
||
| 300 |
_a580p _b _c |
||
| 365 | _bRs.315/- | ||
| 650 | _a1.Law - Social Change 2.Sociological Jurisprudence 3.Law Reform | ||
| 700 |
_a _a |
||
| 999 |
_c12644 _d12644 |
||